Cartoon Voice Actors - Statistics

General Stats
  • This quiz has been taken 103 times
  • The average score is 15 of 44
Answer Stats
Cartoon Characters Voice Actor % Correct
Looney Tunes Bugs Bunny, Daffy Duck, Porky Pig, and nearly all the rest of the characters Mel Blanc
69%
The Flintstones Barney Rubble Mel Blanc
68%
The Fairly OddParents Timmy Turner, Poof Tara Strong
62%
My Little Pony: Friendship Is Magic Twilight Sparkle Tara Strong
51%
Teen Titans, Teen Titans Go! Raven Tara Strong
51%
Spongebob Squarepants Spongebob Squarepants Tom Kenny
51%
Futurama Fry, Zoidberg, Prof. Farnsworth, Zapp Brannigan Billy West
48%
Scooby Doo (all cartoons) Fred Jones, Scooby Doo (since 2002) Frank Welker
45%
The Simpsons Bart Simpson, Ralph Wiggum, Nelson Muntz, and others Nancy Cartwright
43%
Kim Possible Rufus Nancy Cartwright
43%
The Simpsons Homer Simpson, Grampa Simpson, Barney Gumble, Krusty the Clown, and others Dan Castellaneta
42%
Animaniacs Yakko Warner, Pinky Rob Paulsen
42%
Darkwing Duck Darkwing Duck Jim Cummings
40%
Batman: the Animated Series Batman/Bruce Wayne Kevin Conroy
38%
The Powerpuff Girls Narrator, the Mayor Tom Kenny
38%
Transformers Megatron, Soundwave Frank Welker
37%
Various Most animal sounds in everything Frank Welker
37%
Doug Doug Funnie, Roger Klotz Billy West
34%
Ren and Stimpy Ren, Stimpy Billy West
34%
Ninja Turtles (1987) Raphael Rob Paulsen
34%
Ninja Turtles (2012) Donatello Rob Paulsen
34%
Looney Tunes Granny, Witch Hazel June Foray
32%
Rocky and Bullwinkle Rocky, Natasha Fatale June Foray
32%
DuckTales (1987) Magica De Spell June Foray
32%
Disney's Aladdin (TV series) Genie Dan Castellaneta
29%
Hey, Arnold! Grandpa Phil Dan Castellaneta
29%
Winnie the Pooh (various properties, since 1988) Winnie the Pooh, and Tigger too Jim Cummings
29%
Warner Bros. cartoons (various properties, since 1991) The Tazmanian Devil Jim Cummings
29%
Animaniacs Dot Warner, Hello Nurse Tress MacNeille
29%
Inspector Gadget Penny Cree Summer
28%
The Fairly OddParents Vicky, Tootie Grey DeLisle
28%
Batman Beyond Kevin Conroy
28%
Justice League/Justice League Unlimited Kevin Conroy
28%
Tiny Toon Adventures Elmyra Duff Cree Summer
26%
Drawn Together Foxxy Love Cree Summer
26%
Garfield and Friends Garfield Lorenzo Music
26%
Gargoyles Goliath Keith David
25%
Avatar: The Last Airbender Azula Grey DeLisle
23%
Danny Phantom Sam Manson Grey DeLisle
23%
The Princess and the Frog Dr. Facilier Keith David
23%
Coraline The Black Cat Keith David
23%
The Real Ghostbusters Peter Venkman Lorenzo Music
22%
Futurama Mom Tress MacNeille
2%
Tiny Toon Adventures Babs Bunny Tress MacNeille
2%
No matching quizzes found
Score Distribution
Percent of People with Each Score
Percentile by Number Answered
Your Score History
You have not taken this quiz